LEADER 01648nam a2200349 a 4500 001 000000133160 003 CaOOAMICUS 005 20130313150430.0 008 130313s2001 it u000 u ita r 020 $a88-7255-178-1 040 $aPUL$bita 082 04$a171.1 100 1 $aAlfano, Giulio,$d1959-$0(OLS)http://pul/name/33137 245 13$aIl pensiero etico contemporaneo :$b[percorso critico alla riscoperta della dimensione morale] /$cGiulio Alfano ; prefazione di Horst Seidl. 260 $aFirenze :$bAtheneum$g2001 300 $a215 p. ;$c20 cm. 490 1 $aOxenford Universale Atheneum ;$v112 500 $aComplemento del tit. desunto dalla cop. 504 $aBibliografia in nota. 650 4$aEtica$ySec. XX.$0(OLS)http://pul/subject/39271 650 4$aRelativismo.$0(OLS)http://pul/subject/21950 700 1 $aSeidl, Horst.$0(OLS)http://pul/name/21091 830 0$aOxenford Universale Atheneum ;$v112.$0(OLS)http://pul/title/168258 850 $aPUL 852 $aPUL$W1$xSL Filosofia 3$y81$m171. 1 ALFGI 1$j153098$qDDC 21$B152594$CPULBib$Z2$F152594 $H121954 $82 852 $aPUL$W1$xSL Filosofia 3$y81$m171. 1 ALFGI 1B$j178495$bDDC 21$q2 copia$B181683$CPULBib$Z2$F181683 $H121954 $81 941 1 $a9 996 $6020$a88-7255-178-1$9(OLS)http://pul/number/152134 996 $6082$a171.1$9(OLS)http://pul/classification/2483 996 $6245$aIl pensiero etico contemporaneo :$b[percorso critico alla riscoperta della dimensione morale]$9(OLS)http://pul/title/168257 996 $6260$aFirenze :$bAtheneum$9(OLS)http://pul/publisher/82177 LEADER 01427nam a2200325 u 4500 001 000000065483 003 CaOOAMICUS 005 20070226121454.0 008 011207s1999 fr u000 u fre u 020 $a2204061794 035 $a10913225 040 $aPUL$bita 041 1 $afre$hger 100 1 $aMoltmann, Jürgen,$d1926-2024.$0(OLS)http://pul/name/12676 240 10$aGeist des Lebens : eine ganzheitliche Pneumatologie.$lFrancese.$0(OLS)http://pul/title/87101 245 12$aL'esprit qui donne la vie :$bune pneumatologie integrale /$cJürgen Moltmann ; traduit de l'allemand par Joseph Hoffmann. 260 $aParis :$bCerf,$c1999. 300 $a450 p. ;$c23 cm 490 1 $aCogitatio fidei ;$v212 500 $aContiene tavola dei contenuti e indice dei nomi. 504 $aBibliografia in nota. 650 4$aPneumatologia.$0(OLS)http://pul/subject/18914 700 1 $aHoffmann, Joseph.$0(OLS)http://pul/name/7107 830 0$aCogitatio fidei ;$v212.$0(OLS)http://pul/title/876 850 $aPUL 852 $aPUL$W1$xSL Religione 2$y84$mTheol A13 212$j84773$n $b $qStampati altre collocazioni$B84773$CPULBib$Z2$F84773 $H $81 941 1 $a10 996 $6020$a2204061794$9(OLS)http://pul/number/84935 996 $6245$aL'esprit qui donne la vie :$bune pneumatologie integrale$9(OLS)http://pul/title/87102 996 $6260$aParis :$bCerf$9(OLS)http://pul/publisher/48238 LEADER 01475namaa2200373 i 4500 001 000000178485 003 CaOOAMICUS 005 20260212123245.0 007 tu 008 260212s1967 it 000 u ita r 040 $aPUL$bita$erda 082 0 $a943 100 1 $aShirer, William L.,$d1904-1993,$eautore.$0(OLS)http://pul/name/36868 240 10$aBerlin diary.$lItaliano.$0(OLS)http://pul/title/220074 245 10$aDiario di Berlino :$b1934-1947 /$cWilliam L. Shirer. 250 $aRistampa della nuova ed. riveduta e ampliata dall'Autore. 264 4$c©1967. 264 1$aTorino :$bEinaudi,$c[1967] 300 $a601 pagine ;$c22 cm 336 $atesto$btxt$2rdacontent 337 $asenza mediazione$bn$2rdamedia 338 $avolume$bnc$2rdacarrier 490 1 $aSaggi ;$v404 500 $aTraduzione di Giorgio Cuzzelli e Aldo Martignetti. 651 4$aGermania$xStoria$y1934-1947.$0(OLS)http://pul/subject/47123 830 0$aSaggi (Einaudi) ;$v404.$0(OLS)http://pul/title/9841 850 $aPUL 852 $aPUL$W1$xDP1 Fondo Liberati$y125$m5 C 8$j8751$qFondi$B207607$CPULBib$Z2$F207607 $HLib254 $82 941 1 $a1 996 $6082$a943$9(OLS)http://pul/classification/2598 996 $6245$aDiario di Berlino :$b1934-1947$9(OLS)http://pul/title/220076 996 $6264$aTorino :$bEinaudi$9(OLS)http://pul/publisher/48130 996 $6264$a[S.l.] :$b[s.n.]$9(OLS)http://pul/publisher/0